The people speak out : (Record no. 135708)
[ view plain ]
| 000 -LEADER | |
|---|---|
| fixed length control field | 00624nam a22002057a 4500 |
| 005 - DATE AND TIME OF LATEST TRANSACTION | |
| control field | 20170124110248.0 |
| 010 ## - LIBRARY OF CONGRESS CONTROL NUMBER | |
| LC control number | 300589 |
| 020 ## - INTERNATIONAL STANDARD BOOK NUMBER | |
| Terms of availability | 00.00 |
| 035 ## - SYSTEM CONTROL NUMBER | |
| System control number | 300589 |
| 037 ## - SOURCE OF ACQUISITION | |
| Source of stock number/acquisition | Cen Lib/Ret |
| 040 ## - CATALOGING SOURCE | |
| Original cataloging agency | DPL |
| Language of cataloging | EN |
| 082 ## - DEWEY DECIMAL CLASSIFICATION NUMBER | |
| Classification number | 881 |
| Item number | PEO |
| 245 ## - TITLE STATEMENT | |
| Title | The people speak out : |
| Statement of responsibility, etc | translated by Rewi Alley |
| Remainder of title | translations of poems and songs of the people of China / |
| 260 ## - PUBLICATION, DISTRIBUTION, ETC. (IMPRINT) | |
| Place of publication, distribution, etc | China |
| Name of publisher, distributor, etc | Peking |
| Date of publication, distribution, etc | 1954 |
| 300 ## - PHYSICAL DESCRIPTION | |
| Extent | x,107p. |
| Dimensions | 18cm(Hb) |
| 650 ## - SUBJECT ADDED ENTRY--TOPICAL TERM | |
| Topical term or geographic name as entry element | Chinese poetry -- Translations into English. |
| 9 (RLIN) | 98105 |
| 650 ## - SUBJECT ADDED ENTRY--TOPICAL TERM | |
| Topical term or geographic name as entry element | China -- Poetry. |
| 9 (RLIN) | 98106 |
| 700 ## - ADDED ENTRY--PERSONAL NAME | |
| Personal name | Alley, Rewi |
| 9 (RLIN) | 98107 |
| 942 ## - ADDED ENTRY ELEMENTS (KOHA) | |
| Source of classification or shelving scheme | Dewey Decimal Classification |
| Koha item type | English Books |
| Classification part | 881 |
| Call number suffix | PEO |
| Withdrawn status | Lost status | Damaged status | Not for loan | Home library | Current library | Date acquired | Source of acquisition | Cost, normal purchase price | Total Checkouts | Total Renewals | Full call number | Barcode | Date last seen | Date checked out | Copy number | Cost, replacement price | Price effective from | Koha item type |
|---|---|---|---|---|---|---|---|---|---|---|---|---|---|---|---|---|---|---|
| Central Library | Central Library | 07/10/2015 | Cen Lib/Ret | 0.00 | 2 | 1 | 881 PEO | 300589 | 27/05/2025 | 11/02/2025 | 1 | 0.00 | 07/10/2015 | English Books |
